1158 1950 1771 1559 1336 1511 1371 1744 1285 1575 1691 1839 1807 1629 1099 1900 1018 1515 1446 1923 1551 1761 1263 1775 1832 1719 1802 1296 1786 1999 1186 1142 1749 1994 1731 1977 1349 1204 1241 1161 1329 1596 1438 1740 1819 1108 1637 1209 1908 1580 1117 1920 1293 1080 1102 1608 1121 1563 1097 1783 1040 1921 1141 1062 1331 1687 1198 1917 1731 1026 1238 1266 1839 1919 1131 1852 1593 1850 1902 1784 1554 1682 1078 1244 1595 1643 1905 1193 1738 1679 1814 1041 1302 1141 1803 1435 1395 1109 1716 BCNSPRNW ULIB Ver.6.0+V

เปลี่ยนเป็นภาษาไทย

Change to English
 แสดงรายละเอียดบรรณานุกรม
  กลับหน้าหลัก

Brief Record : Get Marc (ISO 2709) : E-mail record : QR code < ปิดหน้าต่าง
LEADER : 00000nam 2200000uu 4500
001    13399114099
003     ULIB
008    120216s2554||||th 000 0 tha d
020    ^a 9786161106287
060 04 ^aWY32^bส226พ
110 2  ^aสภาการพยาบาล
245 10 ^aพระราชบัญญัติวิชาชีพการพยาบาลและการผดุงครรภ์ พ.ศ.2528 และที่แก้ไขเพิ่มเติมโดยพระราชบัญญัติวิชาชีพการพยาบาลและการผดุงครรภ์ (ฉบับที่ 2) พ.ศ.2540 /^cสภาการพยาบาล
246    ^a Professional Nursing and midwifery act B.E.2528 (1985) Revision of the act B.E.2540(1997)
250    ^aพิมพ์ครั้งที่ 1
260    ^aกรุงเทพฯ :^bจุดทอง,^c2554
300    ^a 80 หน้า ;^c29 ซม.
500    ^a เนื้อหาภาษาไทยและภาษาอังกฤษ
650  4 ^aการพยาบาล^xกฎหมายและระเบียบข้อบังคับ
710    ^a Thailand Nursing and Midwifery Council.
710    ^a สภาการพยาบาล
945    ^p100^l0^i18717
945    ^p100^l0^i18718
945    ^p100^l0^i18719
945    ^p100^l0^i18720
945    ^p100^l0^i18721
995    ^a เกษร
999    ^aใช้งานได้ทุกระบบ
รายการนี้ยังไม่มีแท็ก
คุณยังไม่ได้ล็อกอิน คุณสามารถมีกิจกรรมร่วมกับเว็บไซต์ได้ แต่ต้องล็อกอินก่อน ::
  ล็อกอิน

รายการสื่อสารสนเทศ

ลำดับที่ ประเภท เลขเรียก/บาร์โค้ด สถานที่ สถานะ
1. วิทยาศาสตร์การแพทย์ และสุขภาพ
วิทยาศาสตร์การแพทย์ และสุขภาพ
สถานะ=หนังสือเก่า
WY32 ส226พ ฉ.1 
  Barcode: 18717
ห้องสมุดวิทยาเขตนครสวรรค์
►ส่วนจัดเก็บหนังสือเก่า นว.
บนชั้น
  ขอยืม
2. วิทยาศาสตร์การแพทย์ และสุขภาพ
วิทยาศาสตร์การแพทย์ และสุขภาพ
สถานะ=หนังสือเก่า
WY32 ส226พ ฉ.2 
  Barcode: 18718
ห้องสมุดวิทยาเขตนครสวรรค์
►ส่วนจัดเก็บหนังสือเก่า นว.
บนชั้น
  ขอยืม
3. วิทยาศาสตร์การแพทย์ และสุขภาพ
วิทยาศาสตร์การแพทย์ และสุขภาพ
สถานะ=หนังสือเก่า
WY32 ส226พ ฉ.3 
  Barcode: 18719
ห้องสมุดวิทยาเขตนครสวรรค์
►ส่วนจัดเก็บหนังสือเก่า นว.
บนชั้น
  ขอยืม
4. วิทยาศาสตร์การแพทย์ และสุขภาพ
วิทยาศาสตร์การแพทย์ และสุขภาพ
สถานะ=หนังสือเก่า
WY32 ส226พ ฉ.4 
  Barcode: 18720
ห้องสมุดวิทยาเขตนครสวรรค์
►ส่วนจัดเก็บหนังสือเก่า นว.
บนชั้น
  ขอยืม
5. วิทยาศาสตร์การแพทย์ และสุขภาพ
วิทยาศาสตร์การแพทย์ และสุขภาพ
สถานะ=หนังสือเก่า
WY32 ส226พ ฉ.5 
  Barcode: 18721
ห้องสมุดวิทยาเขตนครสวรรค์
►ส่วนจัดเก็บหนังสือเก่า นว.
บนชั้น
  ขอยืม

รายการใกล้เคียง
    หัวเรื่อง [การพยาบาล กฎหมายและระเบียบข้อบังคับ]

BibComment


ยังไม่เคยถูกคอมเมนท์

คอมเมนท์ทรัพยากรรายการนี้
  คอมเมนท์: พระราชบัญญัติวิช..


 Copyright 2026. Bcnsprnw @Library